| 000 | 02194cam a22005054i 4500 | ||
|---|---|---|---|
| 001 | u49201 | ||
| 003 | PE-LiUPU | ||
| 005 | 20250731173359.0 | ||
| 008 | 150706s2005 xxu r 000 0 spa d | ||
| 020 | _a1558831363 | ||
| 035 | _a(Sirsi) i9781558831360 | ||
| 040 |
_aPE-LiUPU _bspa _cPE-LiUPU _erda |
||
| 049 | _aPRUA | ||
| 082 | 0 | 4 |
_a220.6 _bB39 _221 |
| 100 | 1 |
_aBerkhof, Louis, _eautor. |
|
| 245 | 1 | 0 |
_aPrincipios de interpretación bíblica / _cLouis Berkhof. |
| 264 | 1 |
_aMichigan : _bLibros Desafío, _c2005. |
|
| 300 |
_a201 páginas ; _c23 centímetros |
||
| 336 |
_atext _2rdacontent |
||
| 337 |
_aunmediated _2rdamedia |
||
| 338 |
_avolume _2rdacarrier |
||
| 505 | 0 | _aHistorias de los Principios Hermenéuticos entre los Judíos -- Historia de los Principios Hermenéuticos en la Iglesia Cristiana -- El objeto de la Hermenéutica sacra es proporcionar un concepto adecuado de la Biblia -- La Interpretación Histórica -- La Interpretación Teológica. | |
| 526 | _aSEG42 | ||
| 526 | _aSEG41 | ||
| 526 | _aSEG40 | ||
| 526 | _aSEG39 | ||
| 526 | _aP94 | ||
| 526 | _aP87 | ||
| 526 | _aP86 | ||
| 526 | _aP85 | ||
| 526 | _aP77 | ||
| 526 | _aP76 | ||
| 526 | _aP35 | ||
| 541 | _g001-0000499; | ||
| 542 |
_cDonación; _fBiblioteca Tarapoto; _eFT00780. |
||
| 596 | _a1 2 | ||
| 650 | 0 | 4 | _aHermenéutica bíblica. |
| 910 | _agl20101228 | ||
| 942 |
_2ddc _cBOOK |
||
| 994 |
_aC0 _bPEPRU |
||
| 949 |
_a220.6 B39 _wDEWEY _c1 _i62466 _d2018-4-6 _e2016-5-2 _f2018-2-8 _g1 _lCCODEBUL1 _mBUL _n4 _p11.00 _q2 _r0 _sY _tBOOK _u2015-7-6 _xTEOLOGIA _PP35 _0COMPRA _o.STAFF. Colección Teología |
||
| 949 |
_a220.6 B39 _wDEWEY _c1 _iFT00780 _lCCODEBUT1 _mBUT _r0 _sY _tBOOK _u2015-10-20 _xBIBLIOTECA _PP35 _0DONACION _o.STAFF. Colección General |
||
| 999 |
_a220.6 B39 _wDEWEY _c51524 _i62466 _d51524 _e2019-1-15 _f2021-11-9 _g4 _lCCODEBUL1 _mBUL _n6 _p11.00 _q2 _r0 _sY _tBOOK _u2015-7-6 _xTEOLOGIA _PP35 _0COMPRA _o.STAFF. Colección Teología |
||
| 999 |
_a220.6 B39 _wDEWEY _c1 _iFT00780 _f2019-2-20 _g1 _lCCODEBUT1 _mBUT _r0 _sY _tBOOK _u2015-10-20 _xBIBLIOTECA _PP35 _0DONACION _o.STAFF. Colección General |
||
| 980 |
_81 _gALBERTO SANCHEZ Responsable de Automatización |
||